000 00306nas a2200133 4500
999 _c22
_d22
003 OSt
005 20190828100050.0
008 190828b ||||| |||| 00| 0 eng d
022 _a21582866
245 _aJournal of Ship Production and Design
260 _aAlexdria
_bSNAME
310 _aQuartely
942 _2ddc
_s1